000 02032nam0a2200349 4500
001 RU\NLR\BIBL_A\022511236
005 20260420042505.0
010 _a978-5-7831-2411-2
_940
021 _aRU
_bКН-П-25-006646
_9КН-П-25-0652
035 _a(NLR Aleph) 022511236
090 _a13671397
_c13671397
100 _a20250403d2023 k y0rusy50 ca
101 0 _arus
102 _aRU
105 _aa|||z|||000yy
181 0 _ai3
_baxxe
182 0 _an
200 1 _aКомплексное развитие территорий в Республике Башкортостан
_eмонография
_fН. А. Шайхутдинова, К. А. Мансуров
_gМинистерство науки и высшего образования Российской Федерации, Федеральное государственное бюджетное образовательное учреждение высшего образования "Уфимский государственный нефтяной технический университет"
203 _aТекст
_bвизуальный
_cнепосредственный
210 _aУфа
_cУНПЦ "Изд-во УГНТУ"
_d2023 (печ. 2024)
215 _a71 с.
_cил., табл.
_d20
225 1 _aБиблиотека нефтяного университета
300 _aНа 71-й с. авт.: Шайхутдинова Н. А., канд. экон. наук, доц., Мансуров К. А., канд. экон. наук, доц.
320 _aБиблиогр.: с. 62-63 (25 назв.)
606 1 _aРегиональная экономика
_yБашкортостан, Республика
_92474726
_3RU\NLR\AUTH\661469512
686 1 _aУ04(2Р-6Б)9
700 1 _aШайхутдинова
_bН. А.
_gНаталья Александровна
701 1 _aМансуров
_bК. А.
_gКамиль Абрарович
942 _cBOOK
980 _aNB